000
00336nam a2200133Ia 4500
008
151021s9999 xx 000 0 und d
020
_a
9966724915
050
_a
PZ4 .P988 2008
245
_a
_Run & break Hugh Pryor
260
_a
Nairobi Acrodile 2008
300
_a
221p.
650
_a
_Novel
980
_a
^d20131014 04:01:09^oanne
999
_c
14469
_d
14469